000 00865nam a2200265 i 4500
001 bg
100 1 _aURBAN, Stanisław
245 1 0 _aEkonomika i organizacja handlu żywnością /
_cStanisław Urban, Krystyna Szlachta.
250 _aWyd. 2 uzup.
260 _aWrocław :
_bWydaw. Akademii Ekonomicznej im. Oskara Langego,
_c2000.
300 _a239 s. ;
_c24 cm.
504 _aBibliogr.
650 9 _aŻywność
_xhandel
_xekonomika
_zPolska
_yod 1980 r.
650 9 _aŻywność
_xhandel
_xorganizacja
_zPolska
_yod 1980 r.
655 _aPodręczniki akademickie
700 1 _aSZLACHTA, Krystyna
020 _a8370113931
040 _cBPK
041 0 _apl
080 _a339.1:338.439](075.8)
920 _a83-7011-393-1
942 _cKS
008 s pl f |000 0 pol
999 _c39165
_d39165
856 _uhttp://koha.tu.koszalin.pl/cgi-bin/koha/opac-detail.pl?biblionumber=39165
_yKatalog online BPK